Normal view
MARC view
- WEB DEVELOPMENT WITH XHTML HTML XHTML
Entry Topical Term
001 - CONTROL NUMBER
- control field: 80744
003 - CONTROL NUMBER IDENTIFIER
- control field: NUST
005 - DATE AND TIME OF LATEST TRANSACTION
- control field: 20210628210730.0
008 - FIXED-LENGTH DATA ELEMENTS
- fixed length control field: 210628|| aca||aabn | a|a d
040 ## - CATALOGING SOURCE
- Original cataloging agency: NUST
- Transcribing agency: NUST
150 ## - HEADING--TOPICAL TERM
- Topical term or geographic name entry element: WEB DEVELOPMENT WITH XHTML HTML XHTML
670 ## - SOURCE DATA FOUND
- Source citation: Work cat.: (NUST): Zupan, ann proffitt, brian 80743, Xhtml fast and easy web development, 2000
